{"text_format":"3","workbook":"xls","n_sheets":2,"sheets":["Sheet1","Sheet2"],"not_rendered":{"external_links":1,"defined_names":1},"read":"whole","date_system":"1900","formulas":"cached_only"}

{"sheet":"Sheet1","index":0,"n_rows":40,"n_cols":8,"rows_kept":40,"merged":[[0,0,0,7]],"flags":["formulas_cached_only"]}
["保洁物料需求明细"]
["序号","名称","单位","数量","规格型号","单价","金额","备注"]
[null,"2025-01-02"]
[1,"尘推（不带杆）","套",3,"1.2m",{"v":36,"d":"36.00"},{"v":108,"d":"108.00"}]
[2,"尘推油","桶",1,"3.78L",{"v":46,"d":"46.00"},{"v":46,"d":"46.00"}]
[3,"水拖布","把",4,"布条",{"v":13.5,"d":"13.50"},{"v":54,"d":"54.00"}]
[4,"水桶","个",3,"长方",{"v":16,"d":"16.00"},{"v":48,"d":"48.00"},"拖布专用"]
[5,"抹布","条",10,"纳米",{"v":3.2,"d":"3.20"},{"v":32,"d":"32.00"}]
[6,"云石刀","套",4,null,{"v":8,"d":"8.00"},{"v":32,"d":"32.00"}]
[7,"云石刀片","盒",1,null,{"v":3,"d":"3.00"},{"v":3,"d":"3.00"}]
[8,"平口垃圾袋","捆",10,"白色50个",{"v":1.8,"d":"1.80"},{"v":18,"d":"18.00"}]
[9,"大垃圾袋","捆",10,"0.9ⅹ1/黑色48个",{"v":15,"d":"15.00"},{"v":150,"d":"150.00"}]
[10,"钢丝球","个",6,null,{"v":1,"d":"1.00"},{"v":6,"d":"6.00"}]
[11,"洁厕灵","桶",2,"3.78L",{"v":25,"d":"25.00"},{"v":50,"d":"50.00"}]
[12,"洗洁精","桶",3,"白猫",{"v":10,"d":"10.00"},{"v":30,"d":"30.00"}]
[13,"套撮","套",4,null,{"v":17,"d":"17.00"},{"v":68,"d":"68.00"}]
[14,"胶皮手套","副",6,null,{"v":3.5,"d":"3.50"},{"v":21,"d":"21.00"}]
[15,"酸性洁厕液","瓶",2,null,{"v":2,"d":"2.00"},{"v":4,"d":"4.00"},"草酸"]
[16,"空气清新剂","瓶",2,null,{"v":5,"d":"5.00"},{"v":10,"d":"10.00"}]
[17,"清风空心卷纸","提",3,"14卷",{"v":25,"d":"25.00"},{"v":75,"d":"75.00"}]
[18,"洗手液","瓶",10,"500ml",{"v":4.5,"d":"4.50"},{"v":45,"d":"45.00"}]
[19,"纸抽","盒",24,"心相印",{"v":3.5,"d":"3.50"},{"v":70,"d":"70.00"}]
[20,"芳香球","条",20,"5个装",{"v":2.5,"d":"2.50"},{"v":50,"d":"50.00"}]
[21,"檀香","盒",1,"10盘/盒",{"v":4.5,"d":"4.50"},{"v":4.5,"d":"4.50"}]
[null,"2025-01-03",{"$nulls":4},{"v":924.5,"d":"924.50"}]
[22,"除胶剂","件",1,"24瓶/件",{"v":264,"d":"264.00"},{"v":264,"d":"264.00"}]
[23,"泡沫清洁剂","件",1,"12瓶/件",{"v":117.6,"d":"117.60"},{"v":117.6,"d":"117.60"}]
[24,"代付",{"$nulls":4},{"v":600,"d":"600.00"}]
[null,"2025-01-05"]
[25,"纸篓","个",28,"金属烤漆",{"v":21,"d":"21.00"},{"v":588,"d":"588.00"}]
[26,"大盘纸","件",1,"16盘/件",{"v":95,"d":"95.00"},{"v":95,"d":"95.00"}]
[27,"大盘纸盒","个",8,null,{"v":25,"d":"25.00"},{"v":200,"d":"200.00"}]
[28,"卫生间手机架","个",4,null,{"v":25,"d":"25.00"},{"v":100,"d":"100.00"}]
[29,"免钉胶","管",12,null,{"v":9,"d":"9.00"},{"v":108,"d":"108.00"}]
[null,"2025-01-06"]
[30,"擦手纸","箱",1,"20包/箱",{"v":95,"d":"95.00"},{"v":95,"d":"95.00"}]
[31,"擦手纸盒","个",8,null,{"v":25,"d":"25.00"},{"v":200,"d":"200.00"}]
[32,"强力双面胶","个",2,null,{"v":7,"d":"7.00"},{"v":14,"d":"14.00"}]
[33,"代付",{"$nulls":4},{"v":1950,"d":"1950.00"}]
[null,"合计",{"$nulls":4},{"v":6180.6,"d":"6180.60"}]

{"sheet":"Sheet2","index":1,"n_rows":26,"n_cols":8,"rows_kept":26,"merged":[[1,0,1,7]],"flags":["formulas_cached_only"]}
["附件一"]
["日常用品需求明细"]
["序号","名称","单位","数量","规格型号","单价","金额","备注"]
[1,"尘推（不带杆）","套",4,"1.2m"]
[2,"大盘纸","件",2,"16盘/件"]
[3,"擦手纸","箱",2,"20包/箱"]
[4,"洗手液","瓶",20,"500ml"]
[5,"平口垃圾袋","捆",20,"白色50个"]
[6,"洁厕灵","桶",6,"3.78L"]
[7,"除胶剂","瓶",2]
[8,"泡沫清洁剂","瓶",2]
[9,"酸性洁厕液","瓶",2,{"$nulls":3},"草酸"]
[10,"抹布","条",10,"纳米"]
[11,"夹抹布板拖（带杆）","个",2]
[12,"拖布（可换拖布条）","把",2]
[13,"手推车","台",1,"110*65",null,null,"静音轮"]
[14,"桌布","快",6,"1600*40*75"]
[15,"芳香球","条",20,"5个装"]
[16,"电梯不锈钢保养油","桶",1]
[17,"无痕抹布","条 ",20]
[18]
[19]
[20]
[21]
[22]
[23]